[Event "FRA-chT2"]
[Site "France"]
[Date "2002.03.09"]
[Round "8"]
[White "Heurtebize, Olivier"]
[Black "Renault, Jerome"]
[Result "1-0"]
[WhiteElo "2203"]
[BlackElo "2160"]
[PlyCount "107"]
[EventDate "2002.??.??"]
[EventType "team"]
[EventRounds "11"]
[EventCountry "FRA"]
[SourceTitle "EXT 2003"]
[Source "ChessBase"]
[SourceDate "2002.11.25"]
[SourceVersion "1"]
[SourceVersionDate "2002.11.25"]
[SourceQuality "1"]
[WhiteTeam "Le Mans"]
[BlackTeam "Agneaux Saint Lo"]
[WhiteTeamCountry "FRA"]
[BlackTeamCountry "FRA"]

1. d4 Nf6 2. c4 g6 3. Nc3 d5 4. Nf3 Bg7 5. Bf4 0-0 6. e3 c5 7. Qb3 cxd4 8. Nxd4 dxc4 9. Bxc4 Nh5 10. Bxb8 Bxd4 11. Rd1 Qb6 12. Rxd4 Qxb3 13. Bxb3 Rxb8 14. Nd5 e6 15. g4 exd5 16. gxh5 Be6 17. hxg6 hxg6 18. Ke2 Rbc8 19. Rhd1 Kg7 20. Bxd5 Bxd5 21. Rxd5 Rc2+ 22. R1d2 Rfc8 23. h4 Kh6 24. e4 b6 25. f3 R8c7 26. Ke3 Rc1 27. Rd7 R1c5 28. Kf4 R5c6 29. Kg4 a5 30. Rxc7 Rxc7 31. Rd6 b5 32. Rd5 Rb7 33. b3 a4 34. bxa4 bxa4 35. Ra5 Rb4 36. a3 Rc4 37. Kf4 f6 38. Ra7 f5 39. Ra6 Kh5 40. Ra8 Kh6 41. Rh8+ Kg7 42. Ra8 Kh6 43. Ke5 Rc3 44. exf5 Rxf3 45. f6 g5 46. Rh8+ Kg6 47. Rg8+ Kh7 48. Rg7+ Kh8 49. Rxg5 Kh7 50. Rg7+ Kh8 51. Rg4 Re3+ 52. Kf4 Re1 53. Kf5 Rf1+ 54. Ke6 1-0

[Event "Le Mans 2nd"]
[Site "Le Mans"]
[Date "2002.02.18"]
[Round "2"]
[White "Heurtebize, Olivier"]
[Black "Rouillon, Ludovic"]
[Result "1/2-1/2"]
[WhiteElo "2203"]
[BlackElo "2235"]
[PlyCount "102"]
[EventDate "2002.02.17"]
[EventType "tourn"]
[EventRounds "9"]
[EventCountry "FRA"]
[EventCategory "4"]
[SourceTitle "EXT 2003"]
[Source "ChessBase"]
[SourceDate "2002.11.25"]
[SourceVersion "1"]
[SourceVersionDate "2002.11.25"]
[SourceQuality "1"]

1. d4 Nf6 2. c4 g6 3. Nc3 Bg7 4. g3 0-0 5. Bg2 d6 6. Nf3 Nbd7 7. 0-0 e5 8. Qc2 c6 9. b3 Re8 10. e3 Nf8 11. dxe5 dxe5 12. Bb2 Bf5 13. e4 Bg4 14. h3 Bxf3 15. Bxf3 Ne6 16. Ne2 c5 17. Rad1 Nd4 18. Nxd4 cxd4 19. h4 a5 20. a3 Qb6 21. Rb1 Rac8 22. Bc1 Qe6 23. Bd2 b6 24. Rfc1 Rc7 25. Be2 Rec8 26. Kg2 Bf8 27. b4 axb4 28. axb4 Qc6 29. Bd3 Ne8 30. Qd1 f5 31. Qe2 Nd6 32. f3 fxe4 33. fxe4 Qd7 34. Ra1 Qe6 35. c5 bxc5 36. bxc5 Rxc5 37. Rxc5 Rxc5 38. Bb4 Rc8 39. Ra6 Be7 40. h5 g5 41. Bb1 Kh8 42. Ba2 Qd7 43. Bd5 Rb8 44. Bc5 Nf5 45. Bxe7 Nxe7 46. Qf3 Nxd5 47. exd5 Rb2+ 48. Kg1 Rb1+ 49. Kg2 Rb2+ 50. Kg1 Rb1+ 51. Kg2 Rb2+ 1/2-1/2